000 00876nmm a2200277 a 4500
001 ocm000580821
003 TR-IsHL
005 20201028122055.0
008 110704s2006 tu tur
007 cr cn
020 _a9789759129842
035 _a580821
_b(N$T)
050 0 4 _aDS51.C35
_bD86 2006
090 0 4 _aDS51.C35
_bD86 2006
100 1 _aDuman, Murat
245 1 0 _aÇanakkale gezi rehberi
_h[electronic resource] /
_cMurat Duman
250 _a1. bs.
260 _aİstanbul :
_bAkis Kitap,
_c2006
300 _a128 p.
650 4 _aSpor, Seyahat ve Turizm
650 4 _aSports, Travel & Tourism
650 0 _aÇanakkale (Türkiye)
_x Rehberler
650 0 _aÇanakkale (Turkey)
_x Guidebooks
650 7 _aTRAVEL / Middle East / Turkey
_2bisacsh
856 4 0 _uhttp://search.ebscohost.com/login.aspx?direct=true&scope=site&db=e011xww&AN=580821
999 _c1673
_d1673